Normal view
MARC view
- Hamid Ali Mois Shabbir Abdul Mateen Muhammad Ahmer
Entry Personal Name
001 - CONTROL NUMBER
- control field: 130871
003 - CONTROL NUMBER IDENTIFIER
- control field: NUST
005 - DATE AND TIME OF LATEST TRANSACTION
- control field: 20251003171013.0
008 - FIXED-LENGTH DATA ELEMENTS
- fixed length control field: 251003|| aca||aabn | a|a d
040 ## - CATALOGING SOURCE
- Original cataloging agency: NUST
- Transcribing agency: NUST
100 ## - HEADING--PERSONAL NAME
- Personal name: Hamid Ali Mois Shabbir Abdul Mateen Muhammad Ahmer
670 ## - SOURCE DATA FOUND
- Source citation: Work cat.: (NUST): Hamid Ali Mois Shabbir Abdul Mateen Muhammad Ahmer, PR-SOF-2542-DC TO DC Converter (Booster) Controller Design on FPGA, 2025.
